| 000 | 02232cam a2200409 a 4500 | ||
|---|---|---|---|
| 999 |
_c2714 _d2714 |
||
| 001 | 15213307 | ||
| 005 | 20170601105456.0 | ||
| 008 | 080310s2008 nyuab b 001 0 eng | ||
| 010 | _a 2008010459 | ||
| 015 |
_aGBA883431 _2bnb |
||
| 016 | 7 |
_a014657121 _2Uk |
|
| 020 | _a9781580462815 (alk. paper) | ||
| 020 | _a1580462812 (alk. paper) | ||
| 035 | _a(OCoLC)ocn182738041 | ||
| 035 | _a(OCoLC)182738041 | ||
| 040 |
_aDLC _cDLC _dDLC |
||
| 043 | _af-rh--- | ||
| 050 | 0 | 0 |
_aDT2972 _b.S28 2008 |
| 082 | 0 | 0 |
_a968.9103 _222 |
| 100 | 1 |
_aScarnecchia, Timothy. _931864 |
|
| 245 | 1 | 4 |
_aThe urban roots of democracy and political violence in Zimbabwe : _bHarare and Highfield, 1940-1964 / _cTimothy Scarnecchia. |
| 260 |
_aRochester, NY : _bUniversity of Rochester Press, _c2008. |
||
| 300 |
_axiii, 220 p. : _bill., maps ; _c24 cm. |
||
| 440 | 0 |
_aRochester studies in African history and the diaspora, _x1092-5228 _931865 |
|
| 504 | _aIncludes bibliographical references (p. [203]-209) and index. | ||
| 505 | 0 | _aCharles Mzingeli's leadership and imperial working-class citizenship -- Township protest politics -- Resistance to the Urban Areas Act and women's political influence -- Changing tactics : youth league politics and the end of accommodation -- The early sixties : violent protests and "sellout" politics -- The "imperialist stooge" and new levels of "sellout" political violence -- The ZAPU-ZANU split and the battlegrounds of Harare and Highfield. | |
| 600 | 1 | 0 |
_aMzingeli, Charles. _931866 |
| 650 | 0 |
_aDemocracy _zZimbabwe _xHistory. _931867 |
|
| 650 | 0 |
_aPolitical violence _zZimbabwe _xHistory. _95824 |
|
| 650 | 0 |
_aPolitical culture _zZimbabwe _xHistory. _931868 |
|
| 651 | 0 |
_aZimbabwe _xPolitics and government _y1890-1965. _95276 |
|
| 651 | 0 |
_aHarare (Zimbabwe) _xPolitics and government. _9937 |
|
| 651 | 0 |
_aHighfield (Zimbabwe) _xPolitics and government. _931869 |
|
| 906 |
_a7 _bcbc _corignew _d1 _eecip _f20 _gy-gencatlg |
||
| 942 |
_2lcc _cMONOGRAPH |
||